Obras a implementar en el diseño de una carretera desde el punto de vista de seguridad vial
Tallennettuna:
| Päätekijä: | |
|---|---|
| Aineistotyyppi: | Kirja |
| Julkaistu: |
[San José, Costa Rica]
2008
|
| Aiheet: | |
| Tagit: |
Lisää tagi
Ei tageja, Lisää ensimmäinen tagi!
|
MARC
| LEADER | 00000nam a2200000Ia 4500 | ||
|---|---|---|---|
| 003 | 001087 | ||
| 005 | 20231206140608.0 | ||
| 008 | 140114s2008 cr a 000 ||s d | ||
| 040 | |c cru CEDI | ||
| 090 | |a TFG 5612 | ||
| 100 | |a Orozco Rodríguez, Carlos, 1972- |9 1996 | ||
| 245 | |a Obras a implementar en el diseño de una carretera desde el punto de vista de seguridad vial | ||
| 260 | |a [San José, Costa Rica] |c 2008 | ||
| 300 | |a xiv, 223, [70] hojas; ilustraciones (algunas a color) | ||
| 500 | |a Tesis (licenciatura en ingeniería civil)--Universidad de Costa Rica. Facultad de Ingeniería. Escuela de Ingeniería Civil | ||
| 501 | |a Director de Tesis de Graduación: Ing. Jorge Picado A | ||
| 650 | |x CONSTRUCCION DE CARRETERAS - MEDIDAS DE SEGURIDAD |x SEGURIDAD VIAL |x SEÑALES DE TRANSITO |x ZONAS PEATONALES |x PEATONES |9 4441 | ||
| 942 | |c TFG |h TFG 5612 |i 001087 |6 TFG_5612_001087000000000 | ||
| 999 | |c 16649 |d 16649 | ||
